Creating quality : concepts, systems, strategies, and tools

Αποθηκεύτηκε σε:
Λεπτομέρειες βιβλιογραφικής εγγραφής
Κύριος συγγραφέας: Kolarik, William J.
Μορφή: Βιβλίο
Γλώσσα:English
Δημοσίευση: New York : McGraw-Hill, 1995
Σειρά:McGraw-Hill series in industrial engineering and management science
Θέματα:
Ετικέτες: Προσθήκη ετικέτας
Δεν υπάρχουν, Καταχωρήστε ετικέτα πρώτοι!

MARC

LEADER 00000nam a2200000 i 4500
001 1/58550
008 980525s1995 eng d
020 |a 0071139354 
035 |l 10028385 
040 |a GR-MY-UA  |b gre  |e aacr 
041 0 |a eng 
082 0 |a 658.562 
100 1 |a Kolarik, William J. 
245 1 0 |a Creating quality :  |b concepts, systems, strategies, and tools /  |c William J. Kolarik 
260 |a New York :   |b McGraw-Hill,   |c 1995 
300 |a xxvii, 925 p. 
490 1 |a McGraw-Hill series in industrial engineering and management science 
504 |a Includes indexes 
650 0 0 |a Quality control. 
650 0 0 |a System analysis. 
830 0 |a McGraw-Hill series in industrial engineering and management science 
852 |a INST  |b CHIOS  |e 19980609  |h 658.562 KOL  |p 005200016278  |q 005200016278  |t BK  |y 0 
852 |a INST  |b CHIOS  |e 19980609  |h 658.562 KOL  |p 005200016285  |q 005200016285  |t BK  |y 0 
852 |a INST  |b CHIOS  |e 19980525  |h 658.562 KOL  |p 005200016440  |q 005200016440  |t BK  |y 0 
901 |a BIBL-1998-2 
909 |a Χ  |b 056045 
909 |a Χ  |b 057293 
909 |a Χ  |b 057293 
922 |a 2ΕΛΗ  |b 199804  |c ΤΔΕ  |d ΠΑΠΑΣΩΤΗΡΙΟΥ 
922 |a 2ΕΛΗ  |b 199805  |c ΤΔΕ  |d ΠΑΠΑΣΩΤΗΡΙΟΥ